| 000 | 00428nam a2200133 a 4500 | ||
|---|---|---|---|
| 001 | ASINB002P2Q5B4 | ||
| 005 | 20140929203424.0 | ||
| 008 | 140929s2010 xxu eng d | ||
| 100 | 1 | _aHewes, Bianca | |
| 245 | 1 | 0 |
_aExcel hsc standard english / _cBianca Hewes. |
| 260 |
_a[Global] : _bPascal Press, _c2010. |
||
| 300 |
_a391 P; _c21 cm. |
||
| 856 | 4 | 0 |
_3Amazon.com _uhttp://www.amazon.com/exec/obidos/ASIN/B002P2Q5B4/chopaconline-20 |
| 999 |
_c10527 _d10527 |
||